<?xml version="1.0" encoding="UTF-8"?>
<record
    xmlns:xsi="http://www.w3.org/2001/XMLSchema-instance"
    xsi:schemaLocation="http://www.loc.gov/MARC21/slim http://www.loc.gov/standards/marcxml/schema/MARC21slim.xsd"
    xmlns="http://www.loc.gov/MARC21/slim">

  <leader>00925nam a22002657a 4500</leader>
  <controlfield tag="003">BPGM</controlfield>
  <controlfield tag="008">260626e1990    mx ||||g |||| 000 f spa d</controlfield>
  <datafield tag="020" ind1=" " ind2=" ">
    <subfield code="a">968-6140-60-3</subfield>
  </datafield>
  <datafield tag="040" ind1=" " ind2=" ">
    <subfield code="b">spa</subfield>
  </datafield>
  <datafield tag="041" ind1=" " ind2=" ">
    <subfield code="a">spa</subfield>
    <subfield code="h">spa</subfield>
  </datafield>
  <datafield tag="082" ind1="0" ind2="4">
    <subfield code="a">862M</subfield>
    <subfield code="b">F74/T42</subfield>
  </datafield>
  <datafield tag="100" ind1=" " ind2=" ">
    <subfield code="a">FRIAS Y SOTO, LUCIANO</subfield>
    <subfield code="e">AUTOR </subfield>
  </datafield>
  <datafield tag="245" ind1=" " ind2=" ">
    <subfield code="a">TEATRO </subfield>
  </datafield>
  <datafield tag="250" ind1=" " ind2=" ">
    <subfield code="a">PRIMERA EDICCION</subfield>
    <subfield code="b">1990</subfield>
  </datafield>
  <datafield tag="260" ind1=" " ind2=" ">
    <subfield code="a">MEXICO</subfield>
    <subfield code="b">GOBIERNO DEL ESTADO DE QUERETARO </subfield>
    <subfield code="c">1990</subfield>
  </datafield>
  <datafield tag="300" ind1=" " ind2=" ">
    <subfield code="a">&#xB4;192 paginas </subfield>
    <subfield code="c">21 cm x 13.9 cm </subfield>
  </datafield>
  <datafield tag="336" ind1=" " ind2=" ">
    <subfield code="2">rdacontent</subfield>
    <subfield code="a">texto</subfield>
    <subfield code="b">txt</subfield>
  </datafield>
  <datafield tag="337" ind1=" " ind2=" ">
    <subfield code="2">rdamedia</subfield>
    <subfield code="a">sin mediaci&#xF3;n</subfield>
    <subfield code="b">n</subfield>
  </datafield>
  <datafield tag="338" ind1=" " ind2=" ">
    <subfield code="2">rdacarrier</subfield>
    <subfield code="a">volumen </subfield>
    <subfield code="b">nc</subfield>
  </datafield>
  <datafield tag="505" ind1=" " ind2=" ">
    <subfield code="a">es una recopilaci&#xF3;n de piezas dram&#xE1;ticas que reflejan la tradici&#xF3;n cultural y literaria de Quer&#xE9;taro y M&#xE9;xico en el siglo XIX, con un marcado estilo rom&#xE1;ntico y patri&#xF3;tico</subfield>
  </datafield>
  <datafield tag="650" ind1=" " ind2=" ">
    <subfield code="2">LITERATURA Y RETORICA </subfield>
  </datafield>
  <datafield tag="650" ind1=" " ind2=" ">
    <subfield code="2">LITERATURA ESPA&#xD1;OLA Y PORTUGUESA</subfield>
  </datafield>
  <datafield tag="650" ind1=" " ind2=" ">
    <subfield code="2">NOVEL&#xCD;STICA ESPA&#xD1;OLA</subfield>
  </datafield>
  <datafield tag="942" ind1=" " ind2=" ">
    <subfield code="2">ddc</subfield>
    <subfield code="c">COLQ</subfield>
  </datafield>
  <datafield tag="952" ind1=" " ind2=" ">
    <subfield code="0">0</subfield>
    <subfield code="1">0</subfield>
    <subfield code="2">ddc</subfield>
    <subfield code="4">0</subfield>
    <subfield code="7">2</subfield>
    <subfield code="8">GENERAL</subfield>
    <subfield code="a">BPCEFC</subfield>
    <subfield code="b">BPCEFC</subfield>
    <subfield code="c">SALA QUER&#xC9;TARO ACCESO B PLANTA ALTA</subfield>
    <subfield code="d">2026-06-26</subfield>
    <subfield code="e">DGB</subfield>
    <subfield code="l">0</subfield>
    <subfield code="o">862M F74/T42</subfield>
    <subfield code="r">2026-06-26 18:17:09</subfield>
    <subfield code="t">EJ 1</subfield>
    <subfield code="w">2026-06-26</subfield>
    <subfield code="y">COLQ</subfield>
  </datafield>
  <datafield tag="952" ind1=" " ind2=" ">
    <subfield code="0">0</subfield>
    <subfield code="1">0</subfield>
    <subfield code="2">ddc</subfield>
    <subfield code="4">0</subfield>
    <subfield code="7">2</subfield>
    <subfield code="8">GENERAL</subfield>
    <subfield code="a">BPCEFC</subfield>
    <subfield code="b">BPCEFC</subfield>
    <subfield code="c">SALA QUER&#xC9;TARO ACCESO B PLANTA ALTA</subfield>
    <subfield code="d">2026-06-26</subfield>
    <subfield code="e">DGB</subfield>
    <subfield code="l">0</subfield>
    <subfield code="o">862M F74/T42</subfield>
    <subfield code="r">2026-06-26 18:17:09</subfield>
    <subfield code="t">EJ 2</subfield>
    <subfield code="w">2026-06-26</subfield>
    <subfield code="y">COLQ</subfield>
  </datafield>
  <datafield tag="999" ind1=" " ind2=" ">
    <subfield code="c">68673</subfield>
    <subfield code="d">68673</subfield>
  </datafield>
</record>
